000 00762nam a22001577a 4500
003 OSt
005 20150917165502.0
008 150917b xxu||||| |||| 00| 0 eng d
040 _cRUA
082 _aAGR CHI 2005 B032 Or.1
100 _9711
_aCHIN SILEN
245 _aEffect of stoeung mean chan chey compost on green mustard under condition of the royal university of agriculture,(ឥទ្ធិពលនៃជីកំប៉ុស្តិ៍ស្ទឹងមានជ័យលើការលូតលាស់ដំណាំស្ពៃខៀវក្នុងលក្ខខ័ណ្ឌសាកលវីទ្យាល័យភូមិន្ទកសិកម្ម)
260 _aphnom penh
_bRUA
_c2005
300 _a47p.
_cill.
_g29cm.
942 _2ddc
_cAGR
999 _c684
_d684